00442 a2200121 4500001001000000005001700010008004100027245010900068100001900177700003100196700003100227773006200258ART_4968620260410162028.0260409a 10aPasando revista al sistema de notificaciones en el procedimiento laboral de la provincia de Buenos Aires1 aTula, Diego J.1 aGarcía Cossovich, Alvaro1 aCoello Grassi, Fabricio J.0 tTemas de derecho procesalg- N° 10 (oct. 2019)wREV44095